000 00807nam a2200229 i 4500
001 187603
003 ES-MaACL
005 20250713091428.0
008 171207s1980 sp |||| |dspa d
020 _a968-19-0311-0
080 _a82-322.9"18"
100 1 _aPoe, Edgar Allan,
_d1809-1849
_9188384
245 1 0 _aNarraciones completas
_b: Tomo II /
_cEdgar Allan Poe; [traducción por Julio Gómez de la Serna].
250 _a1º ed.
260 _aMéxico :
_bAguilar,
_c1980.
300 _a579 p. :
_bil. ;
_c17 cm.
700 1 _aGómez de la Serna, Julio,
_d1895-1983
_957899
852 _aES-MaACL
_jA-14121
_pv.2
_9194689
_bR.150603
_cDEPO1
_dOlim: N-7121
_hDonación: Carmen Zumárraga
903 _9234648
_aZumárraga, Carmen
_ednr
942 _2udc
_cMONOGRAFIA
999 _c187603
_d187603